|
|
|
|
| LEADER |
01126nam a2200229 a 4500 |
| 001 |
GR-MES9642 |
| 008 |
060118s2003 mau b 001 0 eng|c |
| 020 |
|
|
|a 0321204484
|
| 040 |
|
|
|a GrPaTEI
|b gre
|c GR-PaULI
|
| 100 |
1 |
|
|a Elmasri, Ramez.
|
| 245 |
1 |
0 |
|a Fundamentals of database systems /
|c Elmasri Ramez, Navathe B.Shamkant.
|
| 250 |
|
|
|a 4th ed.
|
| 260 |
|
|
|a Boston :
|b Pearson Addison Wesley,
|c 2003.
|
| 300 |
|
|
|a 1030 σ. ;
|c 25 εκ.
|
| 504 |
|
|
|a Περιλαμβάνει βιβλιογραφίες και ευρετήριο.
|
| 650 |
|
4 |
|a Διαχείριση βάσεων δεδομένων.
|
| 700 |
1 |
|
|a Navathe, Sham
|e συγγραφέας.
|
| 942 |
|
|
|2 ddc
|
| 952 |
|
|
|0 0
|1 0
|2 ddc
|4 0
|6 005_740000000000000_ELM
|7 0
|9 279987
|a MSLG
|b MSLG
|c BSC
|d 2021-01-17
|e 24
|f 0
|g 0.00
|l 0
|o 005.74 ELM
|p 2420000020405
|r 2021-01-17 00:00:00
|t 1
|w 2021-01-17
|y BK15
|x 20060118 0 1
|x GrPaTEI
|
| 952 |
|
|
|0 0
|1 0
|2 ddc
|4 0
|6 005_740000000000000_ELM
|7 0
|9 279988
|a MSLG
|b MSLG
|c BSC
|d 2021-01-17
|e 24
|f 0
|g 0.00
|l 0
|o 005.74 ELM
|p 2420000020406
|r 2021-01-17 00:00:00
|t 1
|w 2021-01-17
|y BK15
|x 20060118 0 1
|x GrPaTEI
|
| 971 |
|
|
|a .b25881139
|b 15-04-20
|c 14-09-16
|
| 999 |
|
|
|c 163180
|d 163180
|